Responses for Show #1079 - Thursday, April 20, 1989

Joel Sacks game 2.

Contestants

[<< previous game]

Parry Wilvers, a restaurant manager from Monroeville, Pennsylvania

Diane Fouts, an editor and typist originally from Twin Falls, Idaho

Joel Sacks, an administrator from Columbia, Maryland (whose 1-day cash winnings total $10,050)

[next game >>]

Jeopardy! Round responses

SCIENCE & NATURE
BICYCLES
DANCE
THE BIBLE
MOVIE STARS
JEOPARDY! CATEGORIES
    $100 3
moss

Joel
    $100 4
the triathlon

Parry
    $100 23
the Charleston

Parry
    $100 11
Moses

Parry
    $100 8
James Dean

Joel
    $100 1
13

Joel
    $200 5
cacti

Parry
    $200 12
Daisy

Diane
    $200 24
the Morris dance

Triple Stumper
    $200 16
Judas Iscariot

Parry
    $200 9
Anthony Perkins

Parry
    $200 2
(Alex: As a matter of fact it was the very first question selected.)

got it right

Parry
    $300 6
opossums

Diane
    $300 13
BMX

Joel
    $300 25
(Parry: What is 4?)
...
(Alex: Joel, less than a minute to go.)

8

JoelParry
    $300 26
(Roman) Catholic

Diane
    $300 17
Omar Sharif

Joel
    $300 18
(Alex: Also, you should remember...)
(Parry: What is...)

that means the word in quotes appears in the correct response

Parry
    $400 7
the filament

Joel
    $400 14
Schwinn

Diane
    $400 27
the tango

Diane
    $400 29
Lazarus

Parry
    $400 19
Melina Mercouri

Joel
    $400 20
POTENT POTABLES

Joel
    $500 10
(Parry: What are jaws?)

teeth

DianeParry
    $500 15
a velodrome

Diane
    $500 28
Isadora Duncan

Diane
    $700 30
(Parry: What is the dove? [*]?)

a turtle dove

Parry
    $500 22
Faye Dunaway

Diane
    $500 21
(Bruce) Springsteen

Joel

Scores at the first commercial break (after clue 13):

Joel Diane Parry
$1,000 $1,000 $300

Scores at the end of the Jeopardy! Round:

Joel Diane Parry
$2,900 $3,600 $1,700

Double Jeopardy! Round responses

AMERICAN HISTORY
7-LETTER WORDS
TREES
SWITZERLAND
AUTOBIOGRAPHIES
[Displayed with hyphen]
FAMOUS QUOTES
(Alex: I guess they would have to be famous otherwise no one would know of them.) [Laughter]
    $200 1
Kissinger

Parry
    $200 15
a muffler

Joel
    $200 8
a palm tree

Parry
    $200 14
(Joel: What is Berlitz?)
(Diane: What is Bern?)

Geneva

JoelDiane
Triple Stumper
    $200 6
Keenan Wynn

Joel
    $200 7
Napoleon

Diane
    $400 2
their crop

Parry
    $400 18
a rhubarb

Joel
    $400 10
72 years

Joel
    $400 17
a tunnel

Parry
    $400 9
Uri Geller

Diane
    $400 16
rules the world

Triple Stumper
    $600 3
the U-2

Joel
    $600 21
a triceps

Triple Stumper
    $1,500 11
(Alex: Joel?)
...
(Alex: "This Land Is Your Land", yes, indeed.)

a redwood

Joel
    $600 20
German, Italian & French

Diane
    $600 19
Claire Bloom

Triple Stumper
    $600 24
more equal (than others)

Joel
    $1,500 4
the Mississippi River

Joel
    $800 22
(Alex: We've got a minute to go.)

a blossom

Diane
    $800 12
a maple

Diane
    $800 25
Janet Leigh

Parry
    $800 27
[The end-of-round signal sounds.]

I think, therefore I am

Diane
    $1000 5
the Cumberland Road

Parry
    $1000 23
(Diane: What's maroon?)

magenta

Diane
Triple Stumper
    $1000 13
a juniper

Parry
    $1000 26
Maya Angelou

Diane

Scores at the end of the Double Jeopardy! Round:

Joel Diane Parry
$8,100 $7,000 $5,700

[wagering suggestions for these scores]

Final Jeopardy! Round responses

BUSINESS & INDUSTRY
(Alex: The reason they say it's the world's best-selling pen is because a reported 80,000,000,000 have been sold.)
ParryWhat is Bic?
$1,301
DianeWhat is Cross?
$7,000
JoelWhat is Bic?
$5,901
BIC

Final scores:

Joel Diane Parry
$14,001 $0 $7,001
2-day champion: $24,051 3rd place: Winnower Galaxy ceiling fan + Jeopardy! box game or computerized version 2nd place: White-Westingthouse stackable washer & dryer + Jeopardy! box game or computerized version

Game dynamics:

Coryat scores:

Joel Diane Parry
$6,500 $7,000 $5,500
18 R
(including 2 DDs),
1 W
16 R,
2 W
17 R
(including 1 DD),
2 W

Combined Coryat: $19,000

[game clues] [game scores] [suggest correction]

Game tape date: 1988-12-19
The J! Archive is created by fans, for fans. Scraping, republication, monetization, and malicious use prohibited; this site may use cookies and collect identifying information. See terms. The Jeopardy! game show and all elements thereof, including but not limited to copyright and trademark thereto, are the property of Jeopardy Productions, Inc. and are protected under law. This website is not affiliated with, sponsored by, or operated by Jeopardy Productions, Inc. Join the discussion at JBoard.tv.